Statistiques concernant Les Pokemon de la 5G dans l'ordre alphabétique

Cliquez ici pour prendre le quiz!

Statistiques générales

  • Ce quiz a été pris 79 fois
  • Le résultat moyen est 140 sur 156

Statistiques - réponses

Type de quizNom% Correct
FeuAflamanoir
97%
ÉlectrikAnchwatt
97%
Ténèbres/CombatBaggaïd
97%
Ténèbres/CombatBaggiguane
97%
Eau/VolCouaneton
97%
Plante/FéeDoudouvet
97%
Roche/VolAéroptéryx
94%
Eau/SolBatracné
94%
CombatBétochef
94%
CombatCharpenti
94%
Psy/VolChovsourir
94%
EauClamiral
94%
AcierClic
94%
AcierCliticlic
94%
Acier/CombatCobaltium
94%
DragonCoupenotte
94%
Eau/SolCrapustule
94%
FeuDarumacho
94%
FeuDarumarond
94%
Ténèbres/DragonDiamat
94%
DragonDrakkarmin
94%
Insecte/AcierFermite
94%
PlanteFeuillajou
94%
PlanteFeuiloutan
94%
FeuFlamajou
94%
FeuFlamoutan
94%
EauFlotajou
94%
EauFlotoutan
94%
PlanteFragilady
94%
Spectre/FeuFunécire
94%
RocheGéolithe
94%
Feu/CombatGrotichon
94%
FeuGruikui
94%
GlaceHexagel
94%
CombatJudokrak
94%
Eau/VolLakmécygne
94%
ÉlectrikLampéroie
94%
Spectre/FeuLugulabre
94%
Roche/VolArkéapti
92%
EauBargantua
92%
Insecte/PoisonBrutapode
92%
Eau/RocheCarapagos
92%
PlanteChlorobule
92%
Normal/VolColombeau
92%
Insecte/PlanteCouverdure
92%
Insecte/RocheCrabicoque
92%
Sol/TénèbresCrocorible
92%
Psy/VolCryptéro
92%
Normal/VolDéflaisan
92%
Électrik/VolEmolga
92%
Plante/FéeFarfaduvet
92%
RocheGigalithe
92%
DragonIncisache
92%
CombatKaraclée
92%
Dragon/GlaceKyurem
92%
Insecte/PlanteLarveyette
92%
PlanteLianaja
92%
Spectre/FeuMélancolux
92%
PsyMunna
92%
PsyMushana
92%
RocheNodulithe
92%
ÉlectrikOhmassacre
92%
GlacePolarhume
92%
Insecte/FeuPyrax
92%
Insecte/FeuPyronille
92%
Feu/CombatRoitiflam
92%
Ténèbres/DragonSolochi
92%
DragonTranchodon
92%
PlanteVipélierre
92%
ÉlectrikZébibron
92%
ÉlectrikZéblitz
92%
VolBoréas
89%
InsecteCarabing
89%
Insecte/RocheCrabaraque
89%
Sol/VolDémétéros
89%
Sol/TénèbresEscroco
89%
Électrik/VolFulguris
89%
Sol/SpectreGolemastoc
89%
Plante/AcierGrindur
89%
Sol/SpectreGringolem
89%
Normal/VolGueriaigle
89%
Normal/PlanteHaydaim
89%
Eau/CombatKeldeo
89%
CombatKungfouine
89%
Sol/ÉlectrikLimonde
89%
PlanteMajaspic
89%
Insecte/PlanteManternel
89%
EauMateloutre
89%
PsyMesmérella
89%
EauMoustillon
89%
Eau/SpectreMoyade
89%
PsyNucléos
89%
CombatOuvrifier
89%
Normal/VolPoichigeon
89%
GlacePolagriffe
89%
Dragon/FeuReshiram
89%
Psy/VolRhinolove
89%
Ténèbres/AcierScalpion
89%
Ténèbres/AcierScalproie
89%
Insecte/PoisonScobolide
89%
GlaceSorbébé
89%
GlaceSorbouboul
89%
Insecte/ÉlectrikStatitik
89%
Roche/CombatTerrakium
89%
AcierTic
89%
Ténèbres/DragonTrioxhydre
89%
SpectreTutafeh
89%
SpectreTutankafer
89%
Insecte/PoisonVenipatte
89%
Plante/CombatViridium
89%
Eau/SpectreViskuse
89%
Normal/PlanteVivaldaim
89%
Dragon/ÉlectrikZekrom
89%
TénèbresChacripan
86%
InsecteEscargaume
86%
Normal/VolFuraiglon
86%
Insecte/AcierGenesect
86%
Insecte/AcierLançargot
86%
InsecteLimaspeed
86%
PlanteMaracachi
86%
Sol/TénèbresMascaïman
86%
Eau/RocheMégapagos
86%
PsyMéios
86%
Insecte/ÉlectrikMygavolt
86%
Plante/AcierNoacier
86%
NormalPonchien
86%
NormalPonchiot
86%
PsyScrutella
86%
CombatShaofouine
86%
PsySidérella
86%
GlaceSorboul
86%
PsySymbios
86%
TénèbresZoroark
86%
TénèbresZorua
86%
NormalChinchidou
83%
NormalFrison
83%
Plante/PoisonGaulet
83%
TénèbresLéopardus
83%
NormalMastouffe
83%
Normal/PsyMeloetta
83%
EauTritonde
83%
Plante/PoisonTrompignon
83%
Ténèbres/VolVaututrice
83%
Psy/FeuVictini
83%
Ténèbres/VolVostourno
83%
PsyLewsor
81%
EauMamanbo
81%
PoisonMiamiasme
81%
PoisonMiasmax
81%
Sol/AcierMinotaupe
81%
NormalMiradar
81%
NormalNanméouïe
81%
NormalRatentif
81%
SolRototaupe
81%
PsyNeitram
78%
NormalPashmilla
75%

Distribution des résultats

Percentile par nombre de réponses

% des personnes avec chaque résultat

Votre développement - résultats

Vous n’avez pas pris ce quiz